书目信息 |
| 题名: |
园林景观规划与设计
|
|
| 作者: | 袁建锋 , 邵发强 , 汪华锋 著 | |
| 分册: | ||
| 出版信息: | 长春 吉林科学技术出版社 2021.08 |
|
| 页数: | 260页 | |
| 开本: | 24cm | |
| 丛书名: | ||
| 单 册: | ||
| 中图分类: | TU986.2 | |
| 科图分类: | ||
| 主题词: | 园林设计--yuan lin she ji--景观设计 | |
| 电子资源: | ||
| ISBN: | 978-7-5578-8247-1 | |
| 000 | 01381nam0 2200265 450 | |
| 001 | 011025152823 | |
| 005 | 20221025152823.0 | |
| 010 | @a978-7-5578-8247-1@dCNY60.00 | |
| 100 | @a20201004d2021 em y0chiy0120 ea | |
| 101 | 0 | @achi |
| 102 | @aCN@b220000 | |
| 105 | @ay az 000yy | |
| 106 | @ar | |
| 200 | 1 | @a园林景观规划与设计@Ayuan lin jing guan gui hua yu she ji@f袁建锋, 邵发强, 汪华锋著 |
| 210 | @a长春@c吉林科学技术出版社@d2021.08 | |
| 215 | @a260页@d24cm | |
| 314 | @a袁建锋,出生于1977年,本科学历,高级工程师职场,现任职于杭州奥体博览中心萧山建设投资有限公司。邵发强,出生于1972年,大学本科学历,高级工程师职称,现就职于杭州萧山城区建设有限公司。汪华锋,出生于1973年,大学本科学历,高级工程师职场,毕业于同济大学,现就职于浙江天工工程管理有限公司。 | |
| 320 | @a有书目 (第259-260页) | |
| 330 | @a本专著分为八章,分别介绍了园林景观规划与设计的相关知识,包括组成要素、艺术美学、构图法则、设计方式等,同时对园林植物景观、城市绿地景观与生态园林城市规划进行了研究,并在此基础上,对园林景观规划设计的未来发展趋势进行展望。书中的语言简明扼要,易于理解和掌握,内容新颖独特,具有很好的实用性、广泛性。 | |
| 606 | 0 | @a园林设计@Ayuan lin she ji@x景观设计 |
| 690 | @aTU986.2@v5 | |
| 701 | 0 | @a袁建锋@Ayuan jian feng@f(1977-)@4著 |
| 701 | 0 | @a邵发强@Ashao fa qiang@f(1972-)@4著 |
| 701 | 0 | @a汪华锋@Awang hua feng@f(1973-)@4著 |
| 905 | @a河南城建学院图书馆@dTU986.2@eY891 | |
| 园林景观规划与设计/袁建锋, 邵发强, 汪华锋著.-长春:吉林科学技术出版社,2021.08 |
| 260页;24cm |
| ISBN 978-7-5578-8247-1:CNY60.00 |
| 本专著分为八章,分别介绍了园林景观规划与设计的相关知识,包括组成要素、艺术美学、构图法则、设计方式等,同时对园林植物景观、城市绿地景观与生态园林城市规划进行了研究,并在此基础上,对园林景观规划设计的未来发展趋势进行展望。书中的语言简明扼要,易于理解和掌握,内容新颖独特,具有很好的实用性、广泛性。 |
| ● |
| 相关链接 |
|
|
|
正题名:园林景观规划与设计
索取号:TU986.2/Y891
 
预约/预借
| 序号 | 登录号 | 条形码 | 馆藏地/架位号 | 状态 | 备注 |
| 1 | 1585916 | 215859168 | 建筑库201/201建筑库 110排2列4层/ [索取号:TU986.2/Y891] | 在馆 | |
| 2 | 1585917 | 215859177 | 建筑库201/201建筑库 110排2列4层/ [索取号:TU986.2/Y891] | 在馆 |